| 000 | 00852nam a2200217 a 4500 | ||
|---|---|---|---|
| 001 | BRCA_1840 | ||
| 005 | 20190320203554.0 | ||
| 008 | 871015s1984 mx-a---##b---f000-0#spa-# | ||
| 020 | _a9688370908 | ||
| 040 |
_aDLC _cDLC _dDLC |
||
| 050 | 4 |
_aNA2706.M6 _b.A78 1984 |
|
| 100 | 1 |
_aArtigas H., Juan B. _93310 |
|
| 245 | 1 | 0 |
_aArquitectura del virreinato _banálisis y gráficas. _cJuan B. Artigas H. |
| 260 |
_aMéxico _bUNAM, Museo Universitario de Ciencias y Arte, Centro de Investigación y Servicios Museológicos, Coordinación de Extensión Universitaria _c[1984] |
||
| 300 |
_a47 p. _bil. blanco y negro _c25 cm. |
||
| 500 | _aIncluye índice de exposiciones | ||
| 500 | _a2do. ejemplar en el Área de Investigación | ||
| 504 | _aBibliografía : p. 47 | ||
| 650 | 1 | 4 |
_aDibujo arquitectónico _vExposiciones _ySiglo XVI _zMéxico _95716 |
| 942 |
_2lcc _cB |
||
| 999 |
_c1620 _d1620 |
||